Quizzes
Events
Quiz Creation
Community
Videos
Private Events
Remove Ads
Sign In
Join for FREE
Feedback
Dark Mode
Quiz Categories
Sports
Geography
Music
Movies
Television
Just For Fun
Miscellaneous
History
Literature
Language
Science
Gaming
Entertainment
Religion
Holiday
For Kids
Quiz Lab
Recent
Popular Today
Quiz Kudos Today
Editor Picks
Curator Picks
Quizzes by...
Day
Popularity
Type
Ratings
Length
Year
Community
Subscriptions
Recent Discussions
Orange Saloon
Badges
Playlists
Quests
Create
Leaderboards
Showdown
Live 5
Trivia Bingo
Activity
Puzzle Library
Sporcle Events
Private Events
Virtual Trivia
Globe League
Become a Host
Pub Owners
SporcleCon
Opinionation
Our Games
Videos
Blog
Mobile Apps
Partnerships
Remove Ads and Go Orange
Feedback
Sports
Athletes
MLB
NBA
NHL
NFL
Soccer
Sports Teams
WWE
NCAA
Football
Premier League
Basketball
Baseball
Hockey
Golf
Tennis
Cricket
Rugby
Auto Racing
Olympics
World Cup
Sports
Athletes
MLB
NBA
NHL
NFL
Soccer
Sports Teams
WWE
NCAA
Football
Premier League
Basketball
Baseball
Hockey
Golf
Tennis
Cricket
Rugby
Auto Racing
Olympics
World Cup
Random Quiz
Search Sporcle
×
Quiz Lab
Quiz Lab
Sports
Country
Type in answers that appear in a list
Type in answers that appear in a list
Classic
Best Score? Go Orange.
Cricket Century on Debut Stats
Can you name the Cricket Century on Debut?
By
Kalimantan
8m
88 Questions
1,053 Plays
1,053 Plays
1,053 Plays
Comments
Comments
Give Quiz Kudos
Give Quiz Kudos
-
- Ratings
hide this ad
Replay
Link that replays current quiz
Next Quiz
Link to next quiz in quiz playlist
You Got
0%
They Got
Avg Score
24%
Avg Friend Score
Upgrade to see
Score Distribution
Jump to the score distribution portion of the page
Score
0/88
Timer
08:00
0
Plays Today
Score
Player
% Correct
105*
Dwayne Smith
68.4%
104
Collie Smith
68.4%
112
Andrew Strauss
65.1%
104*
Alistair Cook
63.4%
107
Younis Khan
57.9%
119
Jonathan Trott
57.1%
102
Nawab of Pataudi
56.4%
151
Michael Clarke
52.6%
138
Mark Waugh
52.3%
126*
Matt Prior
49.8%
131
Saurav Ganguly
46.9%
222*
Jacques Rudolph
46.8%
114*
Graham Thorpe
46%
163
Javed Miandad
40.9%
214
Lawrence Rowe
40.7%
100*
Lawrence Rowe
40.7%
214
Matthew Sinclair
40.1%
108
Greg Chappell
38.6%
105
Virinder Sehwag
38.6%
128*
Azhar Mahmood
38%
129
Umar Akmal
37.4%
176
George Headley
36.7%
114
Mohammad Ashraful
36.5%
107
Gordon Greenidge
36.2%
152
WG Grace
36%
105
Bruce Taylor
35.7%
287
Tip Foster
35.5%
165*
Charles Bannerman
33%
117
Marcus North
30.2%
163
Andrew Hudson
29.7%
Score
Player
% Correct
121
Dave Houghton
29.5%
110
Mohammed Azharuddin
28.6%
201*
Brendon Kuruppu
27.3%
162
Kepler Wessels
26.9%
102*
Greg Blewett
24%
100*
Saleem Malik
23.7%
115
Ali Naqvi
23%
170
Yasir Hameed
21.8%
105
Yasir Hameed
21.8%
106
Paul Gibb
21.7%
138
Peter May
21%
155
Doug Walters
20.8%
118
Lala Amarnath
20.6%
124
Surinder Amarnath
20.5%
105
Hanumant Singh
20%
100*
AG Kripal Singh
19.8%
137
Gundappa Viswanath
19.2%
104
Lou Vincent
19.2%
109*
Mohammed Wasim
19%
164
Archie Jackson
18%
168
Fawad Alam
16.7%
142
Conrad Hunte
16.6%
159
Wayne Phillips
16.4%
132*
Romesh Kaluwitharana
16.2%
103*
Thilan Samaraweera
16.2%
106*
Frank Hayes
16.1%
100*
Alvin Kallicharran
16%
103
Dirk Wellham
16%
119
Hamilton Masakadza
15.8%
145
Aminul Islam
15.7%
Score
Player
% Correct
110
Bill Ponsford
15%
103
Pravin Amre
14.9%
107
Scott Styris
14.4%
104
Adrian Barath
13.6%
107
John Hampshire
13.3%
104
Taufeeq Umar
11.6%
100
Basil Williams
11.4%
154*
Ranjitsinhji
10.8%
132*
PF Warner
10.7%
107*
Mark Greatbatch
10.6%
107
Rodney Redmond
9%
112
Andy Ganteaume
7.6%
166
Khalid Ibadulla
7%
109
Gary Cosier
5.5%
104
HL Collins
5.2%
112
Abbas Ali Baig
5.1%
101*
Jim Burke
4.4%
104*
Arthur Milton
4%
140
Billy Griffith
3.7%
105*
Len Baichan
3.6%
107
Harry Graham
3.4%
104
Reggie Duff
3.3%
117
Jackie Mills
3.2%
136
Bryan Valentine
3.1%
119
George Gunn
2.9%
110
Deepak Shodhan
2.8%
116
Roger Hartigan
2.4%
115
Bruce Pairaudeau
1.7%
Quiz Playlist
Details
Report
Send in Message
Add To Playlist
Classic:
Type in answers that appear in a list
Last Updated: Dec 30, 2018
Quiz Scoreboard
CHALLENGE
Sign Up to Join the Scoreboard
Show All
Scores
Hide
Comments
May contain spoilers
Recently Published
Click the 1999 NBA Draft
by nibperrychub
Sports
2m
Alphabetical 'K' Countries by Flag Minefield
by ylime102
Geography
3m
Pick 6: Fruits
by JohnFran
Miscellaneous
15s
More to Explore
Quiz From the Vault
Featured Blog Post
15 Basketball Trivia Facts You Can Be March Mad About
hide this ad
You Might Also Like...
Tags
Country Quiz
Cricket Quiz
debut
Player
score
Today's Top Quizzes in Sports
Browse Sports
hide this ad
Today's Top Quizzes in Country
Browse Country
Top Contributed Quizzes in Sports
1
Les joueurs à 100 buts en Ligue 1 Uber Eats
2
Pick 6: NFL Teams
3
2022 World Cup Stars
4
MLB 2 truths and a lie: Hall of Fame pitchers
5
Millionaire: NBA Finals Edition
6
Pick 6: Minor League Baseball
7
Criteria MLB: Left Handed Sluggers
8
Click the 1998 NBA Draft
9
Pick 6: Olympics
10
Don't Strike Out: 3000 Strikeouts
Explore More
Trending Topics
NBA
Anime
Marvel
Harry Potter
Disney
Crossword
Kpop
Pokémon
Puzzle
WWE
Soccer
Song
Country
The Office
NFL
hide this ad
More By:
Kalimantan
Quiz
Plays
Rating
Category
Featured
Created
Cricket Century on Debut
1,053
4.40
Sports
Feb 2, 2010
Brighton and Hove Albion Starting XI's
528
5.00
Sports
Sep 23, 2011
Go to Creator's Profile
Score Distribution
Quiz Creator Spotlight
Kalimantan
Follow
Send a Message
Quizzes Created
-
Created Quiz Play Count
-
More By This Creator
Popular Quizzes Today
1
Countries of Asia Without Outlines Minefield
2
Find the US States - No Outlines Minefield
3
Pick 6: Fruits
4
Alphabetical 'K' Countries by Flag Minefield
5
The Countries of the World
6
Find the US States
7
Find the Countries of Europe - No Outlines Minefield
8
US States
More Sports Quizzes
NFL Rushing Yards Leaders by Decade
Published
Trending Quizzes
Pick 6: Mountains
Pick 6: Harry Potter
Pick 6: Flags
Pick 6: NFL Teams
Pick 6: Movie Franchises
Recently Updated
NWSL Teams
pecheneg
Women's Final Four Teams by Year
bhenderson79
Presidents Quartet II
eogle
Anything But Clue(do)
eogle
Anything But Oceanian Capitals
eogle
Anything But 7
eogle
Anything But Thing
eogle
Word Ladder: February 29
pecheneg
Song Title Questions
pecheneg
Women's NCAA Tournament #1 Seeds
pecheneg
Trending Topics
Anime
Marvel
NBA
Crossword
Kpop
Disney
Harry Potter
NFL
Song
Puzzle
Pokémon
WWE
Country
Soccer
The Office
Your Account Isn't Verified!
In order to create a playlist on Sporcle, you need to verify the email address you used during registration. Go to your
Sporcle Settings
to finish the process.
Report this User
Report this user for behavior that violates our
Community Guidelines
.
Details:
Send Report
Go to the Sporcle.com Mobile Site →
Comments